Escobar Quizz - Statistiques

Statistiques générales
  • Ce quiz a été pris 204 fois
  • Le résultat moyen est 6 sur 9
Statistiques - réponses
Question Réponse % Correct
Son cartel? De Medellin
96%
A t-il été Président de la colombie? non
94%
où est-il mort? Medellin
78%
Combien d'enfants officiels? 2
71%
Est-il le plus grand narcotrafiquant de tout les temps?(1 st oui) oui
71%
En quelle année est-il mort? 1993
59%
En quelle année est-il né? 1949
49%
Sa date d'anniversaire? 1 Décembre
37%
Dans quelle ville est-il né? Rionégro
33%
Aucun quiz correspondant
Distribution des résultats
% des personnes avec chaque résultat
Percentile par nombre de réponses
Votre historique - résultats
Vous n’avez pas pris ce quiz